Obce v Plzeňském kraji - Statistics

General Stats
  • This quiz has been taken 32 times
  • The average score is 75 of 501
Answer Stats
Obec Počet obyvatel % Correct
Domažlice 11 056
100%
Plzeň 175 219
100%
Rokycany 14 313
100%
Klatovy 22 140
94%
Přeštice 7 049
94%
Tachov 13 072
94%
Horšovský Týn 4 987
89%
Stříbro 7 687
89%
Nepomuk 3 730
83%
Nýřany 6 979
83%
Starý Plzenec 5 171
83%
Sušice 10 957
83%
Blovice 4 127
78%
Bor 4 488
78%
Stod 3 578
78%
Dobřany 6 169
72%
Holýšov 5 152
72%
Nýrsko 4 926
72%
Planá 5 385
72%
Zbiroh 2 508
67%
Železná Ruda 1 631
67%
Chrást 1 917
61%
Horažďovice 5 213
61%
Kašperské Hory 1 404
61%
Kralovice 3 460
61%
Plasy 2 770
61%
Staňkov 3 328
61%
Kdyně 5 146
56%
Kladruby 1 638 | 154
56%
Rozvadov 780
56%
Břasy 2 306
50%
Chlum 50 | 234
50%
Horní Bříza 4 136
50%
Janovice nad Úhlavou 2 324
50%
Kaznějov 3 050
50%
Město Touškov 2 180
50%
Spálené Poříčí 2 873
50%
Šťáhlavy 2 835
50%
Třemošná 5 139
50%
Babylon 327
44%
Bělá nad Radbuzou 1 756
44%
Chlumčany 2 409
44%
Chotěšov 2 960
44%
Ejpovice 687
44%
Hartmanice 944
44%
Mirošov 2 274
44%
Modrava 80
44%
Poběžovice 1 559
44%
Přimda 1 596
44%
Švihov 1 665
44%
Zbůch 2 628
44%
Žihle 1 302
44%
Chodov 761
39%
Holoubkov 1 451
39%
Hrádek 1 382 | 2 824
39%
Kařez 697
39%
Konstantinovy Lázně 920
39%
Manětín 1 151
39%
Mýto 1 526
39%
Nalžovské Hory 1 171
39%
Rabí 492
39%
Srní 231
39%
Újezd 421
39%
Bezdružice 928
33%
Blížejov 1 577
33%
Chodová Planá 1 879
33%
Klenčí pod Čerchovem 1 351
33%
Líně 2 791
33%
Merklín 1 176
33%
Štěnovice 2 204
33%
Tlučná 3 293
33%
Úterý 463
33%
Vejprnice 4 397
33%
Běšiny 824
28%
Česká Kubice 958
28%
Chotíkov 1 250
28%
Horská Kvilda 61
28%
Hradec 583
28%
Kařízek 51
28%
Kasejovice 1 316
28%
Kožlany 1 465
28%
Letiny 675
28%
Losiná 1 366
28%
Nezvěstice 1 473
28%
Plánice 1 660
28%
Prášily 154
28%
Příkosice 428
28%
Radnice 1 801
28%
Úněšov 597
28%
Zruč-Senec 3 411
28%
Cheznovice 725
22%
Dýšina 1 857
22%
Hamry 121
22%
Hradiště 36 | 192 | 222
22%
Kamenný Újezd 859
22%
Kozolupy 1 079
22%
Kyšice 1 083
22%
Lužany 678
22%
Měčín 1 114
22%
Mladotice 549
22%
Petrovice u Sušice 630
22%
Pňovany 441
22%
Srby 167 | 480
22%
Velhartice 841
22%
Všeruby 1 624 | 816
22%
Žinkovy 844
22%
Bdeněves 751
17%
Borovno 91
17%
Borovy 237
17%
Cebiv 270
17%
Čeminy 290
17%
Chanovice 745
17%
Dolní Lukavice 1 018
17%
Horní Lukavice 469
17%
Hostouň 1 221
17%
Kakejcov 101
17%
Klabava 470
17%
Koloveč 984
17%
Kornatice 227
17%
Letkov 759
17%
Litohlavy 546
17%
Mokrouše 300
17%
Nebílovy 365
17%
Nekmíř 524
17%
Nezbavětice 237
17%
Nová Ves 140 | 284
17%
Obora 161 | 565
17%
Osek 1 452
17%
Pačejov 715
17%
Pernarec 744
17%
Potvorov 135
17%
Raková 246
17%
Řenče 912
17%
Soběkury 601
17%
Štítov 55
17%
Strašice 2 599
17%
Stráž 1 226 | 213
17%
Svojkovice 433
17%
Svojšín 438
17%
Tymákov 1 059
17%
Ves Touškov 356
17%
Bezděkov 146 | 949
11%
Bujesily 69
11%
Buková 242
11%
Bukovec 122
11%
Čachrov 507
11%
Čečovice 109
11%
Černošín 1 187
11%
Červené Poříčí 239
11%
Česká Bříza 596
11%
Chocenice 595
11%
Chudenice 773
11%
Chválenice 751
11%
Čižice 571
11%
Čížkov 674
11%
Čmelíny 124
11%
Dlouhá Ves 878
11%
Dnešice 844
11%
Dolany 295 | 939
11%
Dolní Bělá 465
11%
Drahkov 142
11%
Dražeň 155
11%
Draženov 425
11%
Erpužice 345
11%
Hromnice 1 266
11%
Hvozd 250
11%
Jarov 142 | 211
11%
Klášter 233
11%
Klenová 102
11%
Kout na Šumavě 1 120
11%
Kovčín 85
11%
Kramolín 111
11%
Ledce 840
11%
Lhota pod Radčem 313
11%
Lhůta 199
11%
Měcholupy 232
11%
Meclov 1 188
11%
Mešno 81
11%
Milavče 596
11%
Mileč 384
11%
Milínov 210
11%
Míšov 119
11%
Mladý Smolivec 697
11%
Mokrosuky 131
11%
Nadryby 131
11%
Nečtiny 634
11%
Němčovice 189
11%
Neurazy 856
11%
Nevid 180
11%
Nevřeň 294
11%
Oselce 351
11%
Osvračín 640
11%
Předenice 249
11%
Rejštejn 261
11%
Roupov 271
11%
Rybnice 582
11%
Sedlec 123
11%
Skořice 255
11%
Štěnovický Borek 614
11%
Sulislav 210
11%
Sytno 318
11%
Těně 274
11%
Terešov 187
11%
Těškov 316
11%
Tlumačov 431
11%
Újezd nade Mží 102
11%
Úlice 481
11%
Útušice 705
11%
Velké Hydčice 258
11%
Velký Bor 555
11%
Vlčtejn 92
11%
Vochov 1 291
11%
Volduchy 1 221
11%
Vranov 186
11%
Zahořany 1 035
11%
Žákava 476
11%
Zavlekov 423
11%
Zdemyslice 644
11%
Ždírec 461
11%
Zemětice 308
11%
Žichovice 647
11%
Žilov 441
11%
Životice 46
11%
Běhařov 213
6%
Bezvěrov 680
6%
Blatnice 917
6%
Bohy 125
6%
Bolkov 56
6%
Březina 386
6%
Brnířov 405
6%
Brodeslavy 65
6%
Broumov 137
6%
Bučí 172
6%
Budětice 302
6%
Bušovice 611
6%
Cekov 150
6%
Čermná 259
6%
Čerňovice 213
6%
Černovice 143
6%
Chlistov 142
6%
Chodská Lhota 401
6%
Chodský Újezd 803
6%
Chomle 62
6%
Chrastavice 389
6%
Čilá 18
6%
Čímice 187
6%
Dešenice 712
6%
Díly 391
6%
Dobříč 412
6%
Dobřív 1 323
6%
Dobršín 101
6%
Dolce 289
6%
Dolní Hradiště 66
6%
Domoraz 55
6%
Druztová 816
6%
Heřmanova Huť 1 813
6%
Hlohová 287
6%
Hlohovčice 174
6%
Hlohovice 335
6%
Honezovice 260
6%
Horní Bělá 592
6%
Horní Kamenice 252
6%
Horšice 421
6%
Hůrky 228
6%
Javor 72
6%
Kamenec 69
6%
Kanice 198
6%
Kaničky 29
6%
Kbel 302
6%
Kočín 120
6%
Kokašice 273
6%
Kolinec 1 474
6%
Kopidlo 139
6%
Kostelec 601
6%
Kotovice 309
6%
Kozojedy 584
6%
Křenovy 145
6%
Krsy 244
6%
Kšice 233
6%
Lhotka u Radnic 60
6%
Libkov 115
6%
Líšná 186
6%
Líšťany 742
6%
Loza 265
6%
Malý Bor 511
6%
Medový Újezd 256
6%
Mezholezy 116 | 120
6%
Mířkov 307
6%
Mlečice 299
6%
Močerady 58
6%
Mochtín 1 115
6%
Mrákov 1 124
6%
Mrtník 334
6%
Myslinka 207
6%
Myslív 430
6%
Nekvasovy 169
6%
Nemanice 263
6%
Neuměř 147
6%
Nezamyslice 214
6%
Nezdice 212
6%
Nezdice na Šumavě 334
6%
Nezdřev 102
6%
Nové Mitrovice 345
6%
Nový Kramolín 219
6%
Oplot 328
6%
Ostrovec-Lhotka 103
6%
Ostrov u Bezdružic 202
6%
Otov 120
6%
Pařezov 213
6%
Pasečnice 215
6%
Pec 229
6%
Pelechy 78
6%
Plešnice 279
6%
Plískov 127
6%
Pocinovice 602
6%
Poděvousy 242
6%
Podmokly 144 | 238
6%
Poleň 282
6%
Postřekov 1 114
6%
Prádlo 260
6%
Předslav 806
6%
Přehýšov 468
6%
Příšov 321
6%
Přívětice 207
6%
Ptenín 211
6%
Radkovice 105
6%
Rybník 170
6%
Sebečice 74
6%
Seč 310
6%
Sedliště 111
6%
Sirá 145
6%
Skašov 207
6%
Skomelno 215
6%
Smědčice 300
6%
Spáňov 209
6%
Srbice 376
6%
Strašín 326
6%
Střelice 144
6%
Střížovice 383
6%
Tisová 462
6%
Třemešné 370
6%
Trhanov 537
6%
Trnová 930
6%
Trokavec 106
6%
Trpísty 280
6%
Týček 233
6%
Úboč 130
6%
Úherce 377
6%
Újezd u Svatého Kříže 239
6%
Únětice 149
6%
Vejvanov 255
6%
Veselá 290
6%
Vísky 62
6%
Vlčí 78
6%
Vlkanov 122
6%
Vřeskovice 321
6%
Vrhaveč 891
6%
Všenice 273
6%
Vstiš 544
6%
Zahrádka 146
6%
Ždánov 158
6%
Žihobce 588
6%
Zvíkovec 204
6%
Benešovice 200
0%
Bílov 79
0%
Biřkov 131
0%
Blažim 70
0%
Bolešiny 776
0%
Břežany 186
0%
Brod nad Tichou 250
0%
Bukovník 67
0%
Částkov 340
0%
Černíkov 368
0%
Černíkovice 87
0%
Chlumy 204
0%
Chocomyšl 116
0%
Chříč 234
0%
Chudenín 612
0%
Číhaň 222
0%
Ctiboř 315
0%
Dlažov 487
0%
Dlouhý Újezd 398
0%
Drahoňův Újezd 130
0%
Drahotín 191
0%
Dražovice 162
0%
Frymburk 114
0%
Halže 960
0%
Hejná 161
0%
Hlavňovice 486
0%
Hlince 74
0%
Hnačov 95
0%
Hněvnice 119
0%
Holovousy 53
0%
Hora Svatého Václava 63
0%
Horní Kozolupy 266
0%
Hošťka 451
0%
Hradešice 426
0%
Hvožďany 39
0%
Ježovy 228
0%
Kaceřov 149
0%
Kbelany 112
0%
Kejnice 106
0%
Kočov 226
0%
Koryta 133
0%
Kozlovice 95
0%
Krašovice 354
0%
Křelovice 234
0%
Křenice 202
0%
Kunějovice 162
0%
Kvášňovice 134
0%
Kvíčovice 406
0%
Lesná 472
0%
Lestkov 395
0%
Liblín 255
0%
Líšina 165
0%
Lisov 134
0%
Líté 206
0%
Lochousice 117
0%
Lomec 133
0%
Lom u Tachova 468
0%
Loučim 130
0%
Louňová 97
0%
Luženičky 405
0%
Maňovice 47
0%
Mezihoří 66
0%
Milíře 264
0%
Mlýnské Struhadlo 55
0%
Mnichov 214
0%
Mohelnice 62
0%
Mutěnín 269
0%
Myslovice 129
0%
Nehodiv 65
0%
Němčice 139
0%
Netunice 200
0%
Nevolice 189
0%
Obytce 218
0%
Olbramov 60
0%
Olšany 204
0%
Ošelín 168
0%
Ostřetice 70
0%
Otěšice 151
0%
Pastuchovice 67
0%
Pláně 261
0%
Polánka 44
0%
Přestavlky 235
0%
Příchovice 1 141
0%
Prostiboř 149
0%
Puclice 356
0%
Rochlov 303
0%
Semněvice 241
0%
Skapce 117
0%
Slatina 59 | 103
0%
Soběšice 391
0%
Staré Sedliště 1 267
0%
Staré Sedlo 255
0%
Štichov 85
0%
Štichovice 111
0%
Strážov 1 424
0%
Studánka 551
0%
Studená 35
0%
Svéradice 316
0%
Tatiná 260
0%
Tis u Blatna 113
0%
Tojice 100
0%
Třebčice 130
0%
Tužice 94
0%
Týnec 347
0%
Týniště 48
0%
Újezd u Plánice 123
0%
Únehle 138
0%
Únějovice 108
0%
Úsilov 123
0%
Velečín 70
0%
Velký Malahov 249
0%
Vidice 170
0%
Vrčeň 339
0%
Všehrdy 55
0%
Všekary 100
0%
Všepadly 43
0%
Výrov 455
0%
Vysoká Libyně 218
0%
Záchlumí 402
0%
Zadní Chodov 252
0%
Zborovy 113
0%
Zhoř 152
0%
No matching quizzes found
Score Distribution
Percent of People with Each Score
Percentile by Number Answered
Your Score History
You have not taken this quiz